Central Library OPAC University of Rajshahi

A higher Sanskrit grammar : (Record no. 7829)

MARC details
000 -LEADER
fixed length control field 00764cam a2200253 4500
001 - CONTROL NUMBER
control field 7829
003 - CONTROL NUMBER IDENTIFIER
rucl marc code BD-RjUL
005 - DATE AND TIME OF LATEST TRANSACTION
control field 20211208234501.0
008 - FIXED-LENGTH DATA ELEMENTS--GENERAL INFORMATION
fixed length control field 140116s1961 ii 001 0 eng d
035 ## - SYSTEM CONTROL NUMBER
System control number (BD-RjUL)7873
040 ## - CATALOGING SOURCE
Original cataloging agency DLC
Transcribing agency DLC
Modifying agency DLC
Language of cataloging eng
041 0# - LANGUAGE CODE
Language code of text/sound track or separate title engsan
082 00 - DEWEY DECIMAL CLASSIFICATION NUMBER
Classification number 491.2824
Author mark and year KAH 1961
100 1# - MAIN ENTRY--PERSONAL NAME
Personal name Kāle, M. R.
Fuller form of name (Moreshvar Ramchandra)
9 (RLIN) 24419
245 12 - TITLE STATEMENT
Title A higher Sanskrit grammar :
Statement of responsibility, etc. Moreshwar Ramchandra Kale.
Remainder of title for the use of schools and colleges /
260 ## - PUBLICATION, DISTRIBUTION, ETC. (IMPRINT)
Place of publication, distribution, etc. Delhi :
Name of publisher, distributor, etc. Motilal Banarsidass,
Date of publication, distribution, etc. c1961
300 ## - PHYSICAL DESCRIPTION
Pagination 3, iv, 536, 27, 156 p. ;
Size 19 cm.
350 ## - PRICE (NR) (BK AM CF MU VM SE) [OBSOLETE]
Price 12.50
500 ## - GENERAL NOTE
General note English or Sanskrit.
650 #0 - SUBJECT ADDED ENTRY--TOPICAL TERM
Topical term or geographic name as entry element Sanskrit language
General subdivision Grammar.
9 (RLIN) 24420
942 ## - ADDED ENTRY ELEMENTS (KOHA)
Source of classification or shelving scheme Dewey Decimal Classification
Koha item type Books
Holdings
Lost status Source of classification or shelving scheme Damaged status Not for loan Collection code Permanent Location Current Location Shelving location Date acquired Source of acquisition Cost, normal purchase price Total Checkouts Full call number Date last seen Copy number Koha item type
  Dewey Decimal Classification   Not For Loan Non-fiction Central Library, University of Rajshahi Central Library, University of Rajshahi   09/01/1969 Zeitlinger 21.00   491.2824 KAH 1961 16/01/2014 C-1 Books
  Dewey Decimal Classification     Non-fiction Central Library, University of Rajshahi Central Library, University of Rajshahi   09/01/1969 Zuitlinger     491.2824 KAH 1961 27/08/2016 C-2 Books